00317nam a2200121Ia 4500008004100000082001900041100001600060245005300076250000800129260003500137300000800172650001500180191201s1984 xx 000 0 und d a677.02832bTRD aTROTMAN,E R 0aDyeing and Chemical Technology of Textile Fibers a6th aEnglandbCharles Griffinc1984 a587 aB.Tech(TE)